LIBRARY & INFORMATION CENTRE, KCAET, TAVANUR

ONLINE PUBLIC ACCESS CATALOGUE (OPAC)

Nharambu Roghikal (Record no. 18208)

MARC details
000 -LEADER
fixed length control field 00239nam a22001097a 4500
003 - CONTROL NUMBER IDENTIFIER
control field OSt
008 - FIXED-LENGTH DATA ELEMENTS--GENERAL INFORMATION
fixed length control field 241203b |||||||| |||| 00| 0 eng d
041 ## - LANGUAGE CODE
Language code of text/sound track or separate title eng
100 ## - MAIN ENTRY--AUTHOR NAME
Personal name Gopalakrishnan Nair
245 ## - TITLE STATEMENT
Title Nharambu Roghikal
942 ## - ADDED ENTRY ELEMENTS (KOHA)
Koha item type Books
Holdings
Withdrawn status Lost status Damaged status Home library Current library Date acquired Cost, normal purchase price Accession Number Koha item type Public note
Withdrawn     KAUAET KAUAET 03/12/2024 3.50 8746 Books Withdrawn as per order no D3-1391/92 dated 10/06/93
free website counter